Создание условий для развития инициативы, ответственности, системы ценностных отношений у студентов ТПУ; Модернизация инженерного и общего образования: проблемы и перспективы

Opis bibliograficzny
Parent link:Модернизация инженерного и общего образования: проблемы и перспективы.— 2009.— С. 149-152
1. autor: Никифорова О. А. Ольга Александровна
Kolejni autorzy: Редько Л. А. Людмила Анатольевна, Иванова В. С. Вероника Сергеевна
Język:rosyjski
Wydane: 2009
Hasła przedmiotowe:
Format: Rozdział
KOHA link:https://koha.lib.tpu.ru/cgi-bin/koha/opac-detail.pl?biblionumber=177347

MARC

LEADER 00000naa2a2200000 4500
001 177347
005 20231221124001.0
035 |a (RuTPU)RU\TPU\book\192259 
090 |a 177347 
100 |a 20100315d2009 k y0rusy50 ca 
101 0 |a rus 
102 |a RU 
200 1 |a Создание условий для развития инициативы, ответственности, системы ценностных отношений у студентов ТПУ  |f О. А. Никифорова, Л. А. Редько, В. С. Иванова 
320 |a Библиогр.: 2 назв. 
463 0 |0 (RuTPU)RU\TPU\book\186925  |t Модернизация инженерного и общего образования: проблемы и перспективы  |o труды VII Всероссийской научно-практической конференции, 12 ноября 2009 года Юрга  |f Томский политехнический университет (ТПУ), Юргинский технологический институт (ЮТИ)  |v С. 149-152  |d 2009  |p 279 с. 
610 1 |a студенты 
610 1 |a вузы 
610 1 |a университеты 
610 1 |a воспитание 
610 1 |a инициатива 
610 1 |a ответственность 
610 1 |a нравственные ценности 
610 1 |a труды учёных ТПУ 
700 1 |a Никифорова  |b О. А.  |c руководитель Центра социальной работы  |c Центр социальной работы Томского политехнического университета  |g Ольга Александровна  |3 (RuTPU)RU\TPU\pers\25943 
701 1 |a Редько  |b Л. А.  |c инженер  |c Центр социальной работы Томского политехнического университета  |g Людмила Анатольевна  |3 (RuTPU)RU\TPU\pers\25946 
701 1 |a Иванова  |b В. С.  |c специалист в области приборостроения  |c доцент Томского политехнического университета, ведущий эксперт, кандидат технических наук  |f 1977-  |g Вероника Сергеевна  |3 (RuTPU)RU\TPU\pers\24509  |9 10828 
801 1 |a RU  |b 63413507  |c 20100315 
942 |c BK